LIBRARY & INFORMATION CENTRE, KCAET, TAVANUR

ONLINE PUBLIC ACCESS CATALOGUE (OPAC)

Advancing physichological science, Vol 2. Research in perception, learning, and conflict / (Record no. 2073)

MARC details
000 -LEADER
fixed length control field 00544cam a2200193ua 4500
041 ## - LANGUAGE CODE
Language code of text/sound track or separate title eng
082 ## - DEWEY DECIMAL CLASSIFICATION NUMBER
Classification number 150.1
Item number SAN/RE
100 ## - MAIN ENTRY--AUTHOR NAME
Personal name Sanford, Fillmore.H .
245 00 - TITLE STATEMENT
Title Advancing physichological science, Vol 2. Research in perception, learning, and conflict /
250 ## - EDITION STATEMENT
Edition statement 1 /
260 ## - PUBLICATION, DISTRIBUTION, ETC. (IMPRINT)
Place of publication New Delhi :
Name of publisher Prentice Hall Inc ,
Year of publication 1967.
300 ## - PHYSICAL DESCRIPTION
Number of Pages 176 ; .
700 1# - ADDED ENTRY--PERSONAL NAME
Personal name Capaldi, E John .
942 ## - ADDED ENTRY ELEMENTS (KOHA)
Koha item type Books
Holdings
Withdrawn status Lost status Damaged status Home library Current library Date acquired Full call number Accession Number Koha item type
Withdrawn     KAUAET KAUAET 07/04/2012 150.1 10885 Books
free website counter